000 00366 a2200157 4500
001 153021
040 _cEscola São Tomás de Aquino
100 _aSANDRONI, Luciana
240 1 0 _aLudi na revolta da vacina
_lpor
245 1 0 _aLudi na revolta da vacina
300 _a95
362 0 _a1999
440 1 _aSalamandra
697 _a*LITERATURA JUVENIL
942 _cBK
999 _c153021
_d153021